00953cam a2200253 i 45000010008000000030009000080050017000170080041000340100017000750200012000920400028001040430021001320500023001530820016001761000028001922450106002202600046003263000040003725000039004125000160004515000020006115040030006316510038006611270203BDDh-ASL20231015030029.0741112s1974 ii ab b 001 0 eng  a 74902034  cRs65.00 aDLCcDLCdDLCdBDDh-ASL aa-ii---aa-pk---00aDS485.K2bS28 197400a954.6bSAP 1 aSaxena, Krishna Swarup.10aPolitical history of Kashmir, B.C. 300-A.D. 1200 /cby K. S. Saxena ; with a foreword by Karan Singh. aLucknow :bUpper India Pub. House,c1974. axvi, 364 p. :bill., maps ;c25 cm. aRunning title: History of Kashmir. a"Revised and enlarged form of the author's thesis approved for the award of the degree of doctor of philosophy by the Lucknow University in the year 1971." aIncludes index. aBibliography: p. 329-335. 0aKashmirxPolitics and government.